| 000 | 00496nam a2200193Ia 4500 | ||
|---|---|---|---|
| 003 | GCL | ||
| 008 | 140319s9999 xx 000 0 ara d | ||
| 040 |
_aGCL / _cGCL |
||
| 082 | 0 | 4 |
_aق _b923.2 _bك ت |
| 100 | 1 | _aكمال مصطفى | |
| 245 | 1 | 0 |
_aتاريخ عظيم / _cكمال مصطفى |
| 300 |
_a40 ص ؛ _c24 سم |
||
| 490 |
_a100 قصة _v0 |
||
| 650 | 0 | 4 | _aالعصر الحديث |
| 650 | 0 | 4 | _aمصر |
| 650 | 0 | 4 | _aالتاريخ |
| 650 | 0 | 4 | _aعلى ماهر |
| 942 |
_2ddc _cBK |
||
| 999 |
_c43955 _d43955 |
||